000
00308nam a2200133Ia 4500
005
20251222155122.0
008
251222s9999||||xx |||||||||||||| ||spa||
082
_a
LEN.54
100
_a
DICKENS Charles,
245
0
_a
Historia de dos Ciudades
250
_a
1ra. ed.
264
_b
El comercio
942
_c
LIB
999
_c
38480
_d
38480